| 000 | 00000nam##2200000za#4500 |
| 001 | 9.643362 |
| 003 | CaOODSP |
| 005 | 20210624224132 |
| 007 | cr ||||||||||| |
| 008 | 150407|1985||||xxc|||||o f|0| 0 fre|d |
| 040 | |aCaOODSP|bfre |
| 043 | |an-cn--- |
| 086 | 1 |aA43-1790/1985F-PDF |
| 110 | 1 |aCanada.|bAgriculture Canada. |bDivision de la santé des animaux. |
| 245 | 13|aLa peste porcine africaine : |h[ressource électronique]|bune menace pour le secteur canadien du porce |
| 246 | 13|aGare aux maladies exotiques |
| 260 | |aOttawa - Ontario : |bAgriculture Canada. |c1985. |
| 300 | |a8p.|bphotographies |
| 500 | |aPublication historique numérisée par Agriculture et Agroalimentaire Canada. |
| 590 | |a14-11-Supp|b2014-05-21 |
| 691 | 07|aBétail|2gcpds |
| 691 | 07|aMaladie animale|2gcpds |
| 775 | 08|tAfrican swine fever |w(CaOODSP)9.699371 |
| 856 | 40|ahttp://publications.gc.ca|qPDF|s728 Ko|uhttps://publications.gc.ca/collections/collection_2014/aac-aafc/agrhist/A43-1790-1985-fra.pdf |
| 986 | |a1790/F |